000
00250nam a22001097a 4500
082
_a
823
_b
ORI/E
100
_a
ORIENT LONGMAN
245
_a
EGG IN THE HOLE
260
_a
HYDERABAD
_b
ORIENT LONGMAN
_c
1992
650
_a
PASSAGE LEAFLETS
_z
INDIA
942
_c
BK
999
_c
4559
_d
4559